Investing in natural capital : (Registro nro. 4319)

Detalles MARC
000 -CABECERA
Campo de control 01165cam a2200289 a 4500
005 - FECHA Y HORA DE LA ULTIMA TRANSACCION
Campo de control 20160610090427.0
008 - ELEMENTOS DE LONGITUD FIJA—INFORMACION GENERAL
Campo de control 940210s1994 dcua b 101 0 eng
020 ## - ISBN
ISBN 1559633166
040 ## - FUENTE DE CATALOGACIÓN
Agencia catalogadora original DLC
Agencia transcriptora DLC
Agencia Modificadora CO-BoIAVH
041 0# - IDIOMA
Código de idioma para texto/pista de sonido o título separado Español
044 ## - PAÍS DE PUBLICACIÓN
País de publicación Colombia
082 00 - NUMERO DE CLASIFICACION DECIMAL DEWEY
Número de clasificación 333.7
Número del ítem I62n
245 00 - MENCION DE TITULO
Título Investing in natural capital :
Parte restante del título the ecological economics approach to sustainability /
Mención de responsabilidad editado por AnnMari Jansson [y otros 3] ; editora técnica, Sandra Koskoff.
260 ## - PUBLICACION, DISTRIBUCION, ETC. (PIE DE IMPRENTA)
Lugar de publicación, distribución, etc. Washington, D.C. :
Nombre del editor, distribuidor, etc. Island Press,
Fecha de publicación, distribución, etc. c1994.
300 ## - DESCRIPCION FISICA
Extensión xvi, 504 páginas :
Otros detalles físicos ilustraciones ;
Dimensiones 24 x 16 cm.
504 ## - NOTA DE BIBLIOGRAFIA, ETC.
Nota de bibliografía Incluye referencias bibliográficas e índice.
650 16 - ASIENTO SECUNDARIO DE MATERIA - TERMINO TEMATICO
Término temático o nombre geográfico como elemento de entrada Desarrollo sosteible
Subdivisión general Congresos
9 (RLIN) 71539
650 26 - ASIENTO SECUNDARIO DE MATERIA - TERMINO TEMATICO
Término temático o nombre geográfico como elemento de entrada Recursos naturales
Subdivisión general Administración
-- Congresos
9 (RLIN) 71540
650 26 - ASIENTO SECUNDARIO DE MATERIA - TERMINO TEMATICO
Término temático o nombre geográfico como elemento de entrada Desarrollo económico
Subdivisión general Aspectos ambientales
-- Congresos
9 (RLIN) 71541
650 26 - ASIENTO SECUNDARIO DE MATERIA - TERMINO TEMATICO
Término temático o nombre geográfico como elemento de entrada Economía medioambiental
Subdivisión general Congresos
9 (RLIN) 71542
700 1# - ASIENTO SECUNDARIO - NOMBRE PERSONAL
Nombre personal Jansson, A.-M.
Término de relación editora
9 (RLIN) 71543
700 1# - ASIENTO SECUNDARIO - NOMBRE PERSONAL
Nombre personal Hammer, Monica
Término de relación editora
9 (RLIN) 21799
700 1# - ASIENTO SECUNDARIO - NOMBRE PERSONAL
Nombre personal Folke, Carl
Término de relación editor
9 (RLIN) 10400
700 1# - ASIENTO SECUNDARIO - NOMBRE PERSONAL
Nombre personal Constanza, Robert
Término de relación editor
9 (RLIN) 13928
700 1# - ASIENTO SECUNDARIO - NOMBRE PERSONAL
Nombre personal Koskoff, Sandra
Término de relación editora técnica
9 (RLIN) 71544
942 ## - ELEMENTOS ADICIONALES (KOHA)
Sistema de clasificación Dewey Decimal Classification
Tipo de ítem Libro
Existencias
Withdrawn status Lost status Sistema de Clasificación Damaged status No para préstamo Colección Inventariado Ubicación Permanente Ubicación actual Fecha de adquisición Fuente de Valor Valor Total Checkouts Número topográfico Inventario / Código de Barras Date last seen Ejemplar Price effective from Forma de adquisición Tipo de material
    Dewey Decimal Classification     General Inventariado 2017 Sala Fabio Quevedo Sala Fabio Quevedo 26/01/2005 Instituto 39000.00   LB-333.7 I62n 017096 04/12/2012 Ej. 1 04/12/2012 Donación Libro